书目信息 |
| 题名: |
祝你成功
|
|
| 作者: | 徐为今 著 | |
| 分册: | ||
| 出版信息: | 北京 中国青年出版社 1980 |
|
| 页数: | 162页 | |
| 开本: | 19cm | |
| 丛书名: | ||
| 单 册: | ||
| 中图分类: | D432.62 , D432.63 | |
| 科图分类: | ||
| 主题词: | 思想政治教育--青年读物 , 青年运动 , 青年组织 , 学生运动 , 学生组织 | |
| 电子资源: | ||
| ISBN: | ||
| 000 | 00751nam0 2200301 45 | |
| 001 | 0180007743 | |
| 005 | 20040421084600.5 | |
| 010 | @dCNY0.31 | |
| 091 | @a7009.250 | |
| 100 | @a19950523d1980 em y0chiy0121 ea | |
| 101 | 0 | @achi |
| 102 | @aCN@b110000 | |
| 105 | @ay z 000yy | |
| 106 | @ar | |
| 200 | 10 | @a祝你成功@Azhu ni cheng gong@f徐为今等著 |
| 210 | @a北京@c中国青年出版社@d1980 | |
| 215 | @a162页@d19cm | |
| 606 | @a思想政治教育@x青年读物 | |
| 606 | 0 | @a青年运动 |
| 606 | 0 | @a青年组织 |
| 606 | 0 | @a学生运动 |
| 606 | 0 | @a学生组织 |
| 690 | @aD432.62@v3 | |
| 690 | @aD432.63 | |
| 701 | 0 | @a徐为今@Axu wei jin@4著 |
| 801 | 0 | @aCN@b上海图书馆@c20040421 |
| 801 | 2 | @aCN@bNLC@c20040421 |
| 905 | @f2@b29977-978@dD432.63@e141:3 | |
| 祝你成功/徐为今等著.-北京:中国青年出版社,1980 |
| 162页;19cm |
| ISBN :CNY0.31 |
| ● |
| 相关链接 |
|
|
|
|
正题名:祝你成功
索取号:D432.63/141:3
 
预约/预借
| 序号 | 登录号 | 条形码 | 馆藏地/架位号 | 状态 | 备注 |
| 1 | 0029977 | 000481053 | 第一借阅区/ [索取号:D432.63/141:3] | 在馆 | |
| 2 | 0029978 | 000481026 | 第一样本阅览室/ [索取号:D432.63/141:3] | 在馆 |